Cómo organizar y dirigir una empesa / (Record no. 43061)

MARC details
000 -LEADER
campo de control de longitud fija 00533nam a2200169 i 4500
001 - NÚMERO DE CONTROL
campo de control 43061
003 - IDENTIFICADOR DE NÚMERO DE CONTROL
campo de control ES-MaACL
005 - FECHA Y HORA DE LA ÚLTIMA TRANSACCIÓN
campo de control 20230906160727.0
007 - CAMPO FIJO DE DESCRIPCIÓN FÍSICA--INFORMACIÓN GENERAL
campo de control de longitud fija t|
008 - DATOS DE LONGITUD FIJA--INFORMACIÓN GENERAL
campo de control de longitud fija 030314s1971 sp ||||1| spa d
100 1# - ENTRADA PRINCIPAL--NOMBRE DE PERSONA
Nombre de persona Castro Rodríguez, Manuel de.
9 (RLIN) 36957
245 10 - MENCIÓN DEL TÍTULO
Título Cómo organizar y dirigir una empesa /
Mención de responsabilidad, etc. por Manuel de Castro ; traductor: Manuel Poblete Ruiz.
260 ## - PUBLICACIÓN, DISTRIBUCIÓN, ETC.
Lugar de publicación, distribución, etc. Madrid :
Nombre del editor, distribuidor, etc. Ibérico Europea,
Fecha de publicación, distribución, etc. [1971]
300 ## - DESCRIPCIÓN FÍSICA
Extensión 128 p. ;
Dimensiones 21 cm.
700 1# - ENTRADA AGREGADA--NOMBRE PERSONAL
Nombre de persona Poblete Ruiz, Manuel.
9 (RLIN) 92692
852 ## - LOCALIZACIÓN
Ubicación ES-MaACL
Número de control de estantería C-47754
Sublocalización o colección R.77885
Holdings
Estatus retirado Estado de pérdida Estado de daño No para préstamo Biblioteca de origen Biblioteca actual Ubicación en estantería Fecha de adquisición Fuente de adquisición Total de préstamos Signatura topográfica completa Código de barras Visto por última vez Precio de reemplazo Tipo de ítem Koha
        Biblioteca del Ateneo de Madrid Biblioteca del Ateneo de Madrid Depósito 2 17/01/2008     C-47754 1045323 23/02/2023 23/02/2023 Libro impreso